000 00792nam a2200229Ia 4500
001 L264-20851
003 IT-CnALBA
008 170116s9999||||xx |||||||||||||| ||und||
040 _aIT-CnALBA
_cIT-CnALBA
041 _aITALIANO
100 _aSENZA AUTORE
245 0 _aRINNOVAMENTO NELLO SPIRITO SANTO. CANTI DEL RINNOVAMENTO. DATTILOSCRITTO.
250 _a1a ed.
260 _aS.C.
_bPRO MANUSCRIPTO'
_c1977 [1° Ed.: n.d.]
300 _a24 p.
500 _aCONFERENZA NAZIONALE DEGLI ANIMATORI, RAVENNA 1977.
501 _aSocietà San Paolo EM - Piazza San Paolo, 14 - 12051 ALBA (CN) (non commercial uses only) ® Copyright 2017
520 _aCONFERENZA NAZIONALE DEGLI ANIMATORI, RAVENNA 1977.
650 _aCULTO PUBBLICO LITURGIA
942 _cBK
957 _71
999 _a25588
_bNO
_g Copie: 1
_c279960
_d279960